Focus (Record no. 82991)
[ view plain ]
| 000 -LEADER | |
|---|---|
| fixed length control field | 00855cad a22001935a 4500 |
| 001 - CONTROL NUMBER | |
| control field | L152532 |
| 008 - FIXED-LENGTH DATA ELEMENTS--GENERAL INFORMATION | |
| fixed length control field | 110323e20110319xxk 000 0 eng d |
| 035 ## - SYSTEM CONTROL NUMBER | |
| System control number | (Sirsi) u152532 |
| 041 0# - LANGUAGE CODE | |
| Language code of text/sound track or separate title | eng |
| 100 1# - MAIN ENTRY--PERSONAL NAME | |
| Personal name | Robson, Claire |
| 245 00 - TITLE STATEMENT | |
| Title | Focus |
| Remainder of title | Berkshire and Thames Valley[electronic resource] |
| 260 ## - PUBLICATION, DISTRIBUTION, ETC. | |
| Date of publication, distribution, etc. | 2011 |
| 490 ## - SERIES STATEMENT | |
| Series statement | Estates Gazette |
| Volume/sequential designation | (1111) 19 March 2011, 85-93(7) |
| 520 ## - SUMMARY, ETC. | |
| Summary, etc. | Reviews occupiers' requirements including lease renewals and relocations, identifies Oxford, Newbury, Reading, Maidenhead, Bracknell as office market hot spots. Office take up, availability and rents, industrial take up, availability and prime rents and retail rents in Bracknell, Maidenhead, Reading, Slough, Wokingham and Wokingham. |
| 590 ## - LOCAL NOTE (RLIN) | |
| Local note | KA |
| 651 #4 - SUBJECT ADDED ENTRY--GEOGRAPHIC NAME | |
| Geographic name | BERKSHIRE |
| 690 ## - LOCAL SUBJECT ADDED ENTRY--TOPICAL TERM (OCLC, RLIN) | |
| Topical term or geographic name as entry element | PROPERTY-COMMERCIAL PROPERTY-COMMERCIAL PROPERTY MARKET |
| 942 ## - ADDED ENTRY ELEMENTS (KOHA) | |
| Suppress in OPAC | 0 |
| Withdrawn status | Lost status | Source of classification or shelving scheme | Damaged status | Not for loan | Home library | Current library | Shelving location | Date acquired | Total Checkouts | Full call number | Barcode | Date last seen | Copy number | Price effective from | Koha item type |
|---|---|---|---|---|---|---|---|---|---|---|---|---|---|---|---|
| Dewey Decimal Classification | London | London | Journal article | 23/03/2011 | L152532 | 152532-1001 | 06/08/2019 | 1 | 06/08/2019 | Journal article |